| 000 | 00864nam a22002537a 4500 | ||
|---|---|---|---|
| 003 | GR-AtMCL | ||
| 005 | 20250731144949.0 | ||
| 006 | a|||||r||||||||||| | ||
| 008 | 1995 f 1 | ||
| 020 | _a0077079132 | ||
| 040 |
_aGR-AtMCL _bgre _dGR-AtMCL _eAACR2 |
||
| 100 |
_aKing, Melvyn, _d 1945- _99893 |
||
| 245 | 1 | 2 |
_aA first course in computer programming using C / _c Melvyn King, John Pardoe, Paul Vickers. |
| 260 |
_aLondon ; _a New York : _b McGraw-Hill, _c c1995. |
||
| 300 |
_ax, 242 p. : _b ill. ; _c 23 cm. |
||
| 504 | _aIncludes index. | ||
| 650 | 0 |
_aC (Computer program language) _99886 |
|
| 650 | 0 |
_aComputing _99851 |
|
| 650 | 0 |
_aElectronic digital computers _xProgramming. _99894 |
|
| 700 |
_aPardoe, John _d 1944- _qJohn Philip, _99895 |
||
| 700 |
_aVickers, Paul, _d 1966- _99896 |
||
| 942 | _cBK | ||
| 999 |
_c9842 _d9842 |
||